Reversed North America Map Quiz - Statistics

General Stats
  • This quiz has been taken 58 times
  • The average score is 18 of 23
Answers on the Map
Answers color-coded by a green-red scale on the quiz's map according to % correct below.
 
Answer Stats
Answer % Correct
adanaC
100%
ocixeM
100%
setatS detinU
97%
abuC
90%
alametauG
90%
ezileB
90%
aciR atsoC
87%
amanaP
87%
augaraciN
87%
sarudnoH
87%
aciamaJ
85%
cilbupeR nacinimoD
85%
itiaH
85%
rodavlaS lE
85%
samahaB
85%
ogaboT dna dadinirT
77%
adanerG
64%
adubraB dna augitnA
59%
acinimoD
54%
sodabraB
51%
senidanerG eht dna
tnecniV tniaS
46%
aicuL tniaS
44%
siveN dna sttiK tniaS
44%
No matching quizzes found
Score Distribution
Percent of People with Each Score
Percentile by Number Answered
Your Score History
You have not taken this quiz